Los órganos de Móstoles (Record no. 157120)

MARC details
000 -LEADER
campo de control de longitud fija 01233nam a22002415i 4500
001 - NÚMERO DE CONTROL
campo de control 157120
003 - IDENTIFICADOR DE NÚMERO DE CONTROL
campo de control ES-MaACL
005 - FECHA Y HORA DE LA ÚLTIMA TRANSACCIÓN
campo de control 20250824063053.0
008 - DATOS DE LONGITUD FIJA--INFORMACIÓN GENERAL
campo de control de longitud fija 040809s1867 sp |||| | spa d
040 ## - FUENTE DE CATALOGACIÓN
Centro catalogador/agencia de origen CAM
Lengua de catalogación spa
Centro/agencia transcriptor CAM
100 1# - ENTRADA PRINCIPAL--NOMBRE DE PERSONA
Nombre de persona Larra y Wetoret, Luis Mariano de,
Fechas asociadas al nombre 1830-1901
9 (RLIN) 70289
245 14 - MENCIÓN DEL TÍTULO
Título Los órganos de Móstoles
Resto del título : zarzuela bufa en tres actos y en verso /
Mención de responsabilidad, etc. por Luis Mariano de Larra ; música de Rogel.
260 ## - PUBLICACIÓN, DISTRIBUCIÓN, ETC.
Lugar de publicación, distribución, etc. Madrid :
Nombre del editor, distribuidor, etc. [s.n.],
Fecha de publicación, distribución, etc. 1867 (
Fabricante Imprenta de José Rodriguez)
300 ## - DESCRIPCIÓN FÍSICA
Extensión 85 p. ;
Dimensiones 18 cm.
490 1# - MENCIÓN DE SERIE
Mención de serie Repertorio de los Bufos Madrileños
500 ## - NOTA GENERAL
Nota general En port.: Estrenada en el teatro del Circo el dia 14 de septiembre de 1867.
500 ## - NOTA GENERAL
Nota general Solo la letra.
596 ## - NOTA AL PIE DE IMPRENTA
NOTA AL PIE DE IMPRENTA En verso de la port.: "Los comisionados de las Galerías Dramáticas y Líricas de Gullon é Hidalgo ..."
700 1# - ENTRADA AGREGADA--NOMBRE PERSONAL
Nombre de persona Rogel, José.
9 (RLIN) 131984
830 0# - PUNTO DE ACCESO ADICIONAL DE SERIE-TÍTULO UNIFORME
Título uniforme Repertorio de los Bufos Madrileños
9 (RLIN) 188101
852 ## - LOCALIZACIÓN
Ubicación ES-MaACL
Número de control de estantería F-8611(8)
Nota libre -- Enc. pasta española
condición física -- Falto de la cub. original
Nota libre -- Enc. en un vol. facticio formando parte de la col. facticia "Teatro español moderno", vol. 66
-- -- Sobre el pie de imp. banderilla en la que consta: Libreria de Rufino Estéban
Holdings
Estatus retirado Estado de pérdida Estado de daño No para préstamo Colección Biblioteca de origen Biblioteca actual Ubicación en estantería Fecha de adquisición Total de préstamos Signatura topográfica completa Código de barras Visto por última vez Precio de reemplazo Tipo de ítem Koha
        Libros del s. XIX Biblioteca del Ateneo de Madrid Biblioteca del Ateneo de Madrid Sala Pecera Planta 2 17/01/2008   F-8611(8) 1164395 23/02/2023 23/02/2023 Libro impreso antiguo